|
书名:
|
现代家庭摄影
|
|
|
作者:
|
林路
编著
|
|
出版信息:
|
上海
上海画报出版社
1996
|
|
开本页数:
|
28cm 
156页
|
|
丛书名:
|
|
|
单 册:
|
|
|
中图分类:
|
J4
|
|
科图分类:
|
|
|
主题词:
|
摄影技术
|
|
电子资源:
|
|
|
ISBN:
|
7-80530-191-3
|
|
000
|
00571nam0 2200217 450
|
|
001
|
986
|
|
005
|
20081024151710.70
|
|
010
|
|
@a7-80530-191-3@dCNY28.00
|
|
100
|
|
@a19970319d1996 em y0chiy0110 ea
|
|
101
|
0
|
@achi
|
|
102
|
|
@aCN@b310000
|
|
105
|
|
@af z 000yy
|
|
106
|
|
@ar
|
|
200
|
1
|
@a现代家庭摄影@Axian dai jia ting she ying@Axian dai jia ting she ying@f林路编著
|
|
210
|
|
@a上海@c上海画报出版社@d1996
|
|
215
|
|
@a156页@c照片@d28cm
|
|
606
|
0
|
@a摄影技术
|
|
690
|
|
@aJ4@v4
|
|
701
|
0
|
@a林路@Alin lu@4编著
|
|
801
|
0
|
@aCN@bNLC@c20081024
|
|
905
|
|
@dJ4@e29
|
|
|
|
|
| |
| 现代家庭摄影/林路编著.-上海:上海画报出版社,1996 |
| 156页:照片;28cm |
| |
| |
| ISBN 7-80530-191-3:CNY28.00 |
| |
| ● |
正题名:现代家庭摄影
索取号:J4/29
 
预约/预借
| 序号
|
登录号
|
条形码
|
馆藏地/架位号
|
状态
|
备注
|
|
1
|
363912
|
300363912
|
柳城-4楼/40架6列1层/
[索取号:J4/29]
|
在馆
|
|
|
2
|
363913
|
300363913
|
柳城-4楼/40架6列1层/
[索取号:J4/29]
|
在馆
|
|
|
3
|
363914
|
300363914
|
海科密-1楼/41架8列5层/
[索取号:J4/29]
|
在馆
|
|
|
4
|
363915
|
300363915
|
柳城-4楼/40架6列1层/
[索取号:J4/29]
|
在馆
|
|
|
5
|
363916
|
300363916
|
海科密-1楼/41架8列5层/
[索取号:J4/29]
|
在馆
|
|